000 00527nam a2200241Ia 4500
005 20260127113246.0
008 008 260114s9999 xx 000 0 eng d
020 _a9789387889644
037 _aTextbook
040 _aPSDL
040 _beng
040 _cPSDL
041 _2eng
041 _aeng
084 _qPSDL
100 _aDubey, Abhay Kumar
_91111463
245 0 _aRajneeti ki Kitab
245 0 _cDubey, Abhay Kumar
300 _a355
942 _cTB
999 _c1677639
_d1677639